LIBRARY & INFORMATION CENTRE, KCAET, TAVANUR

ONLINE PUBLIC ACCESS CATALOGUE (OPAC)

Modern one act plays / (Record no. 622)

MARC details
000 -LEADER
fixed length control field 00512cam a2200193ua 4500
041 ## - LANGUAGE CODE
Language code of text/sound track or separate title eng
082 ## - DEWEY DECIMAL CLASSIFICATION NUMBER
Classification number 822
Item number WAY/MO
100 ## - MAIN ENTRY--AUTHOR NAME
Personal name Wayne, Philip.
245 00 - TITLE STATEMENT
Title Modern one act plays /
260 ## - PUBLICATION, DISTRIBUTION, ETC. (IMPRINT)
Place of publication :
Name of publisher Longmans ,
Year of publication 1967.
300 ## - PHYSICAL DESCRIPTION
Number of Pages 203 ; .
490 0# - SERIES STATEMENT
Series statement The Heritage of Literature series,
Volume number/sequential designation 4
942 ## - ADDED ENTRY ELEMENTS (KOHA)
Koha item type Books
Holdings
Withdrawn status Lost status Damaged status Home library Current library Date acquired Full call number Accession Number Koha item type
      KAUAET KAUAET 07/04/2012 822 13061 Books
free website counter